00596nam a2200205Ia 450000500170000000800410001704000190005804100120007708200170008924500610010625000240016726000390019130000120023044000390024250400360028163000270031765000140034470000220035885000100038020240202113125.0131103s9999 xx 000 0 und d aLoreto College aEnglish a370.15 bBIN aMotivation, cEdited by Dalbir Bindra and Jane Stewart a selected readings  aHarmondsworthbPenguin Booksc1966 a352 p.  aPenguin Modern Psychology Readings aIncludes bibliography and index aEducational Psychology aEducation aBindra,Dalbir,ed. aLCLIB